000 00499nam a2200157Ia 4500
003 IQ-KOUCL
041 _aArabic
082 _a340,344 cut-898 د
100 _a20260118u\\\\\\\\\\\y0engy0103\\\\ba
100 _aحسام ستار داخل الدليمي
245 0 _aقانون الشراء العام كاداة لمكافحة الفساد اداريا
250 _aط1
260 _bهاتريك للنشر والتوزيع
_aاربيل - العراق
_c2023
300 _a229
942 _cBk
999 _c187294
_d187294